|
|
|
|
| LEADER |
02036nam a2200541 a 4500 |
| 001 |
nkc20132481143 |
| 003 |
CZ PrNK |
| 005 |
20191107123344.0 |
| 007 |
ta |
| 008 |
131120s2013 xr af b 000 0 slo |
| 015 |
|
|
|a cnb002481143
|
| 020 |
|
|
|a 978-80-255-0712-4
|q (Rebo ;
|q kroužková vazba)
|
| 035 |
|
|
|a (OCoLC)867819271
|
| 040 |
|
|
|a ABA001
|b cze
|
| 041 |
1 |
|
|a slo
|h cze
|h fre
|
| 072 |
|
7 |
|a 821-93
|x Literatura pro děti a mládež (beletrie)
|2 Konspekt
|9 26
|
| 080 |
|
|
|a 821-93
|2 MRF
|
| 080 |
|
|
|a (076.1)
|2 MRF
|
| 080 |
|
|
|a (0.029)
|2 MRF
|
| 080 |
|
|
|a (084.1.029.2)
|2 MRF
|
| 100 |
1 |
|
|a Oussedik, Marine,
|d 1967-
|7 jx20100518038
|4 ill
|
| 245 |
1 |
0 |
|a Koníky :
|b knižka v kabelke /
|c [ilustrácie Marine Oussédik ; z českého prekladu francúzskeho originálu ... preložila Veronika Dominiak]
|
| 250 |
|
|
|a 3. vyd.
|
| 260 |
|
|
|a Čestlice :
|b Rebo,
|c 2013
|
| 300 |
|
|
|a 16 s., [64] s. obr. příl. :
|b il. (převážně barev.) ;
|c 30 cm +
|e samolepky ([3] l.) + šablony ([2] l.)
|
| 490 |
1 |
|
|a Knižka v kabelke
|
| 490 |
1 |
|
|a Lili Chantilly
|
| 490 |
1 |
|
|a Klub čitateľov
|
| 500 |
|
|
|a Pub. ve tvaru kabelky s uchem a zapínáním, obsahuje samolepky, šablony, barevné vzory a siluety koní určené k vystřihování
|
| 521 |
8 |
|
|a Nevhodné pro děti do 3 let
|
| 655 |
|
7 |
|a pracovní sešity
|7 fd133116
|2 czenas
|
| 655 |
|
7 |
|a vystřihovánky
|7 fd133827
|2 czenas
|
| 655 |
|
7 |
|a samolepky
|7 fd119297
|2 czenas
|
| 655 |
|
7 |
|a publikace pro děti
|7 fd133156
|2 czenas
|
| 655 |
|
9 |
|a activity books
|2 eczenas
|
| 655 |
|
9 |
|a picture sheets
|2 eczenas
|
| 655 |
|
9 |
|a stickers
|2 eczenas
|
| 655 |
|
9 |
|a children's literature
|2 eczenas
|
| 700 |
1 |
|
|a Dominiak, Veronika
|7 jo2013795855
|4 trl
|
| 765 |
0 |
|
|t Chevaux
|9 Slovensky
|
| 830 |
|
0 |
|a Klub čitateľov (Rebo)
|0 s
|
| 830 |
|
0 |
|a Knižka v kabelke
|0 s
|
| 830 |
|
0 |
|a Lili Chantilly
|0 s
|
| 910 |
2 |
|
|a BOA001
|b 4-1314.366
|
| 990 |
|
|
|a BK
|
| 995 |
|
|
|a 01
|
| 991 |
|
|
|b 201311
|e db
|
| 996 |
6 |
|
|b 2610569800
|c 4-1314.366
|l MZK
|r Sklad / do 1 hodiny
|n 0
|p p.v.
|w 001382416
|u 000010
|a 1
|e BOA001
|j MZK50
|s P
|